00818nam a2200193 i 4500001000400000245010700004260006100111300002600172504004100198651007400239651005900313700004100372700004100413020001500454040000800469041000800477008004100485856009800526bgj00aDistant mirrors :bAmerica as a foreign culture /c[compiled by] Philip R. DeVita, James D. Armstrong. aBelmont, Ca :bWadsworth Publishing Company,ccop. 1993. aXIX, 145 pp ;c24 cm. aIncludes bibliographical references. 9aUnited StatesxSocial life and customsxForeign public opiniony1971- 9aUnited StatesxPopular culturexForeign public opinion1 aDEVITA, Philip R.d(1932- ).eeditor1 aARMSTRONG, James D.d(1948).eeditor a0534176763 cBPK0 aeng s uk f |000 0 eng  uhttp://koha.tu.koszalin.pl/cgi-bin/koha/opac-detail.pl?biblionumber=47972yKatalog online BPK